English Real Ale A-Z Quiz Stats

 Plays Quiz not verified by Sporcle

Also try: 20 Anti-Jokes
Challenge
Share
Tweet
Embed
Score 0/21 Timer 04:00
0 Plays Today
Letter Ale % Correct
NNewcastle Brown
83.2%
LLondon Pride
81.4%
IIPA
80.8%
DDoom Bar
80.2%
HHobgoblin
70.1%
AAbbot Ale
59.3%
PPedigree
59.3%
FFursty Ferret
57.5%
SSpitfire
57.5%
BBombardier
46.1%
OOld Speckled Hen
41.9%
Letter Ale % Correct
CCumberland Ale
35.3%
JJaipur
32.3%
GGolden Sheep
28.1%
WWainwright
26.9%
TT.E.A
22.2%
VVictory Ale
19.2%
XXB
19.2%
EEPA
16.8%
YYoungs Special
9%
RRuby Mild
8.4%

You're not logged in!

Compare scores with friends on all Sporcle quizzes.
Join for Free
OR
Log In

You Might Also Like...

Show Comments

Extras

Top Quizzes Today


Score Distribution

Your Account Isn't Verified!

In order to create a playlist on Sporcle, you need to verify the email address you used during registration. Go to your Sporcle Settings to finish the process.

Report this User

Report this user for behavior that violates our Community Guidelines.

Details: